| 000 | 00755nam a2200193Ia 4500 | ||
|---|---|---|---|
| 008 | 151119s9999||||xx |||||||||||||| ||und|| | ||
| 082 | _a823.91 | ||
| 082 | _bGKKV32991 | ||
| 100 | _aआर्चर जेफ्री | ||
| 245 | _aपाथ्स ऑफ ग्लॉरी --अनु सुभाष जोशी | ||
| 260 | _aपुणे | ||
| 260 | _bमेहता पब्लिशिंग हाउस | ||
| 260 | _c2013 | ||
| 600 | _aआर्चर जेफ्री | ||
| 630 | _aपाथ्स ऑफ ग्लॉरी --अनु सुभाष जोशी | ||
| 700 | _aआर्चर जेफ्री | ||
| 730 | _aपाथ्स ऑफ ग्लॉरी --अनु सुभाष जोशी | ||
| 942 | _cBOOK | ||
| 999 |
_c1085292 _d1085289 |
||